Normal view
MARC view
- Jenkins, David,
Entry Personal Name
001 - CONTROL NUMBER
- control field: 1244
003 - CONTROL NUMBER IDENTIFIER
- control field: NUST
005 - DATE AND TIME OF LATEST TRANSACTION
- control field: 20170519133739.0
008 - FIXED-LENGTH DATA ELEMENTS
- fixed length control field: 170519|| aca||aabn | a|a d
040 ## - CATALOGING SOURCE
- Original cataloging agency: NUST
- Transcribing agency: NUST
100 ## - HEADING--PERSONAL NAME
- Personal name: Jenkins, David,
- Dates associated with a name: 1935-
- Relator term: joint author.
670 ## - SOURCE DATA FOUND
- Source citation: Work cat.: (NUST)0: Snoeyink, Vernon L. 1243, Water chemistry /, c1980.
